Tramwaje Warszawa- Linia 35 (przystanki) - Statystyki

Ogólne statystyki
  • Ten quiz został rozwiązany 56 razy
  • Średni wynik to 21 z 38
Statystyki odpowiedzi
Numer przystanku Nazwa przystanku % Poprawnych
22. Centrum
77%
1. Nowe Bemowo
75%
12. Rondo Radosława
73%
13. Rondo Radosława
73%
18. Metro Ratusz-Arsenał
68%
19. Plac Bankowy
68%
23. Hoża
66%
20. Królewska
66%
24. Plac Konstytucji
66%
21. Metro Świętokrzyska
64%
17. Muranów
64%
6. Piaski
64%
10. Sady Żoliborskie
61%
14. Stawki
61%
38. Wyścigi
61%
15. Dzika
59%
16. Muranowska
59%
27. Plac Unii Lubelskiej
59%
25. Plac Zbawiciela
59%
8. Park Olszyna
55%
11. Plac Grunwaldzki
55%
5. Aleja Reymonta
50%
33. Królikarnia
50%
35. Metro Wilanowska
50%
30. Morskie Oko
50%
26. Trasa Łazienkowska
50%
9. Włościańska
48%
31. Park Dreszera
45%
7. Romaszewskiego
45%
4. Conrada
43%
29. Dworkowa
43%
36. Niedźwiedzia
43%
3. Ogrody Działkowe Bemowo
43%
2. Piastów Śląskich
43%
28. Rakowiecka
43%
37. Aleja Lotników
41%
34. Bukowińska
41%
32. Malczewskiego
39%
Nie znaleziono quizów pasujących do podanych kryteriów
Rozkład punktacji
Procent ludzi z każdym wynikiem
Percentyl według liczby udzielonych odpowiedzi
Twoja historia wyników
Nie rozwiązałeś tego quizu